000 00563nam a22001697a 4500
008 240526b |||||||| |||| 00| 0 eng d
020 _a9789937025072
082 _aN321.094/G483n
100 _aGautam, Badri Narayan
241 _aNepali congress ra biman apaharan
245 _aनेपाली काँग्रेस र विमान अपहरण
260 _aTribhuwan University:
_bNepal ra Asialayi Anusandhan kendra,
_c2074BS.
300 _b180p.
504 _aIncludes bibliography
650 _aPolitical revolution
942 _2ddc
_cISBN
999 _c113412
_d113400